000 00604nam a22002297a 4500
003 UA-OsUOA
001 93755
007 ta
008 20130128b un ||||| |||| 00| 0 ukr d
100 _aГенри О.
090 _a821.111(73)
_bГ34
942 _cBK
040 _aUA-OsUOA
_brus
_cUA-OsUOA
_dUA-OsUOA
245 _aРассказы
300 _a110 с.
955 _a3
041 _arus
080 _a821.111(73)
260 _aМ.
_bХудожественная литература
_c1984
650 7 _a82 Література. Літературознавство
_2UDC
999 _c379996
_d379996